000 00246nam a2200109Ia 4500
008 200302s9999 xx 000 0 und d
100 _aSoon Chun Cho
245 _aByoung Cho
260 _bThames and Husdson Ltd.,
260 _c2014
300 _a256
999 _c3699
_d3699